| 000 | 00359 a2200145 4500 | ||
|---|---|---|---|
| 020 | _a9695190375 | ||
| 082 | _a297.09 | ||
| 090 |
_c6083 _d6083 |
||
| 100 | _aArberry,A.J. | ||
| 245 |
_aAspects of Islamic Civilization. _cA.J.Arberry. |
||
| 260 |
_aLahore. _bSuhail Academy. _c2001. |
||
| 300 | _a409p. | ||
| 500 | _aHardcover. | ||
| 942 |
_aNBS _cBK _k297.09 ARB |
||
| 999 |
_c348467 _d348467 |
||